Public memory and political street names in Košice: Slovakia's multiethnic second city

Titel: Public memory and political street names in Košice: Slovakia's multiethnic second city / Brett R. Chloupek
Verfasser:
In: Journal of historical geography, Band 64 (2019), Seite 25-35
alle Artikel anzeigen
Veröffentlicht: 2019
Format: Aufsatz
Sprache: Englisch
Schlagworte:
Kein Bild verfügbar
X
alg: 51821106
001A    $03025:13-05-24 
001B    $03025:13-05-24 $t14:30:28.000 
001D    $03025:13-05-24 
001U    $0utf8 
001X    $00 
002@    $0Oou 
002C    $aText $btxt $2rdacontent 
002D    $aComputermedien $bc $2rdamedia 
002E    $aOnline-Ressource $bcr $2rdacarrier 
003@    $0518211061 
009Q    $uhttps://doi.org/10.1016/j.jhg.2018.11.007 $xVolltext 
010@    $aeng 
010E    $erda 
011@    $a2019 
021A    $aPublic memory and political street names in Košice: Slovakia's multiethnic second city $hBrett R. Chloupek 
028A    $BVerfasser $4aut $71329123247 $8Chloupek, Brett R. [Tp3] $951820135X 
031A    $d64 $h25-35 $j2019 
039B    $aEnthalten in $8--Obvc--. Journal of historical geography. - Amsterdam {[u.a.] : Elsevier, 1975-. - Online-Ressource $x201900000640000975 $9071811125 
044K    $RKassa $#Kaschau Košice $#Koshice $#Cassovia Košice $71028389-4 $8Košice [Tg1] $9042044669 
044K    $RPolitische Identität $RGeschichtsbild $RGeschichtsdenken $#Conscience historique $#Geschichtsbewusstsein $#Historisches Bewusstsein $#Geschichtsverständnis Geschichtsbewusstsein $#Geschichtskultur $74020526-5 $8Geschichtsbewusstsein [Ts1] $9085049387 
044K    $RGedächtnis $RGeschichtspolitik $#Collective memory $#Mémoire collective $#Memoria collettiva $#Memoria colectiva $#kollektives Gedächtnis $#kollektives Wissen $#Kollektive Erinnerung $#Kulturelles Gedächtnis $#Erinnerungskultur $#Gedächtniskultur $#Memorialkultur $#Gedenkkultur $74200793-8 $8Kollektives Gedächtnis [Ts1] $9086014900 
044K    $RGeografischer Name $#Street names $#Rues Noms $#Calles Nombres $#Gassenname $#Straßennamen $#Straße Name $#Straße Geografischer Name $74057910-4 $8Straßenname [Ts1] $9085160989 
044K    $RGesellschaft $#Multiculturalism $#Cultural pluralism $#Multiculturalisme $#Multiculturalismo $#Multiculturalismo Política gubernamental $#Multikulturelle Gesellschaft $#multikulturelle Gesellschaft $#Interkulturalität Gesellschaft $#Interkulturelle Gesellschaft $#Kulturpluralismus $#Kulturelle Vielfalt $#Kulturelle Diversität $#Multikulturalismus $#Multiethnische Gesellschaft $#Multi-racial society $#Rassenpluralismus $#Transkulturelle Gesellschaft $#Multikulti $#Multikulturalität Gesellschaft $74214151-5 $8Multikulturelle Gesellschaft [Ts1] $9086103172 
044K    $RSozialismus $#Staatssozialismus $74182676-0 $8Staatssozialismus [Ts1] $908587972X 
044K    $RNationalbewegung $RNationalbewusstsein $RPatriotismus $#Nationalism $#Nationalisme $#Nacionalismo $#Nationalismus $#Nationalismus $74041300-7 $8Nationalismus [Ts1] $9085113069 
044K    $RIdeologiekritik $RNarrativ $#Ideology $#Political science $#Idéologie $#Idées politiques $#Ideologia $#Ideología $#Ideologie $#Ideologie $#politische Ideologie $#Politische Ideologie $#Ideologien $74026486-5 $8Ideologie [Ts1] $9085066044 
045F    $a900.943730904 $eDDC23BSB 
045F/01 $a900 
045F/03 $f0904 
045F/03 $f0905 
045F/03 $f09034 
045F/03 $g4373 
045R    $aGeschichte 1854-2016 

lok: 51821106 78

exp: 51821106 78 1 #EPN
201B/01 $013-05-24 $t14:28:10.000 
201C/01 $013-05-24 
201U/01 $0utf8 
203@/01 $01262591732 
208@/01 $a13-05-24 $be 
209A/01 $a/ $f000 $x00 
209A/01 $ab*p $x01 
220C/01 $apgar 
244Z/01 $#Slowakei $#Slowakei $#Slowakische Republik $#Oberungarn $#Slovensko $#Slovenská Republika $#Slovenská SR $#SSR $#Slovakia $#Slovaquie $#Slovak Republic $#République Slovaque $#Slovenská Socialistická Republika $#Slowakische Sozialistische Republik $#Slovak Socialist Republic $#République Socialiste Slovaque $74055297-4 $8--Tg1--Slowakei $x12 $9085153834 
247C/01 $82080>Marburg/Lahn, Herder-Institut, Forschungsbibliothek, Bibliographieportal $9336309341
LEADER 00000naa a2200000 c 4500
001 518211061
003 DE-603
005 20240513143028.0
007 cr||||||||||||
008 240513s2019 xx |||| o| u00||u|eng c
035 |a (DE-599)HEB518211061 
040 |a DE-603  |b ger  |c DE-603  |d DE-603  |e rda 
041 |a eng 
082 0 4 |8 1\u  |a 900.943730904  |q DE-101  |2 23/BSB 
085 |8 1\u  |b 900 
085 |8 1\u  |z 1  |s 0904 
085 |8 1\u  |z 1  |s 0905 
085 |8 1\u  |z 1  |s 09034 
085 |8 1\u  |z 2  |s 4373 
100 1 |a Chloupek, Brett R.  |e Verfasser  |4 aut  |0 (DE-603)51820135X  |0 (DE-588)1329123247  |2 gnd 
245 0 0 |a Public memory and political street names in Košice: Slovakia's multiethnic second city  |c Brett R. Chloupek 
264 0 |c 2019 
336 |a Text  |b txt  |2 rdacontent 
337 |a Computermedien  |b c  |2 rdamedia 
338 |a Online-Ressource  |b cr  |2 rdacarrier 
648 7 |a Geschichte 1854-2016  |2 gnd 
650 7 |a Geschichtsbewusstsein  |0 (DE-588)4020526-5  |0 (DE-603)085049387  |2 gnd 
650 7 |a Kollektives Gedächtnis  |0 (DE-588)4200793-8  |0 (DE-603)086014900  |2 gnd 
650 7 |a Straßenname  |0 (DE-588)4057910-4  |0 (DE-603)085160989  |2 gnd 
650 7 |a Multikulturelle Gesellschaft  |0 (DE-588)4214151-5  |0 (DE-603)086103172  |2 gnd 
650 7 |a Staatssozialismus  |0 (DE-588)4182676-0  |0 (DE-603)08587972X  |2 gnd 
650 7 |a Nationalismus  |0 (DE-588)4041300-7  |0 (DE-603)085113069  |2 gnd 
650 7 |a Ideologie  |0 (DE-588)4026486-5  |0 (DE-603)085066044  |2 gnd 
651 7 |a Košice  |0 (DE-588)1028389-4  |0 (DE-603)042044669  |2 gnd 
773 0 8 |i Enthalten in  |t Journal of historical geography  |d Amsterdam ˜[u.a.] œ: Elsevier, 1975-  |h Online-Ressource  |g Band 64 (2019), Seite 25-35  |w (DE-603)071811125  |w (DE-600)1469637-X 
856 |u https://doi.org/10.1016/j.jhg.2018.11.007 
924 1 |9 2080  |a (DE-603)1262591732  |b DE-2080  |c HES  |d d  |g /